000 00621nam a2200229Ia 4500
003 OSt
005 20221007063402.0
006 a|||||r|||| 00| 0
007 ta
008 221006b |||||||| |||| 00| 0 eng d
024 _a16,237
037 _cTextual
040 _aFLL
_cFLL
_beng
041 _2eng
_aeng
082 _aX89:Z73, K5
100 _aKeeton Robert E.
_9684144
245 0 _aBasic protection for the traffic victim
260 _aBoston
_bLittle, Brown and Co. Boston
_c1965
300 _a624p
_ccm.
942 _hX89:Z73, K5
_cTEXL
_2CC
999 _c1131112
_d1131112